|
|
|
|
| LEADER |
00000cam a2200000 7i4500 |
| 001 |
0000017394 |
| 002 |
000018946 |
| 005 |
20020126.0 |
| 020 |
|
|
|a 9679933520
|
| 090 |
0 |
0 |
|a 354.595006
|b AHM
|
| 100 |
0 |
|
|a Ahmad Sarji bin Abdul Hamid
|f Tan Sri Dato' Seri
|
| 245 |
1 |
0 |
|a Perkhidmatan Awam Malaysia bertaraf dunia .
|p Towards a world class Malaysian civil service
|c selectedspeeches of Tan Sri Dato' Seri Ahmad Sarji bin Abdul Hamid
|
| 260 |
|
|
|a Kuala Lumpur :
|b Institut Tadbiran Awam Negara (INTAN) ,
|c 1996
|
| 300 |
|
|
|a 378p. ;
|c 23cm.
|
| 650 |
0 |
0 |
|a Civil service
|z Malaysia
|
| 650 |
0 |
0 |
|a Public administration
|z Malaysia
|
| 650 |
0 |
0 |
|a Quality assurance
|z Malaysia
|
| 999 |
|
|
|a 118814
|b BUKU
|c MALAYSIANA
|e PERPUSTAKAAN KOMUNITI PETALING JAYA
|
| 999 |
|
|
|a 118815
|b BUKU
|c MALAYSIANA
|e PERPUSTAKAAN KOMUNITI CAW KOTA DAMANSARA
|
| 999 |
|
|
|a 118816
|b BUKU
|c MALAYSIANA
|e PERPUSTAKAAN KOMUNITI PETALING JAYA
|
| 999 |
|
|
|a 118817
|b BUKU
|c PINJAMAN
|e PERPUSTAKAAN KOMUNITI PETALING JAYA
|
| 999 |
|
|
|a 118818
|b BUKU
|c PINJAMAN
|e PERPUSTAKAAN KOMUNITI PETALING JAYA
|